K niektorým otázkam realizácie záložného práva
Funkcia záložného práva v trhovom mechanizme. Právna úprava záložného práva v Občianskom zákonníku. Realizácia záložného práva v Obchodnom zákonníku. Výklad ustanovení týkajúcich sa záložného práva v Obchodnom zákonníku.
Enregistré dans:
| Auteur principal: | |
|---|---|
| Format: | Chapitre de livre |
| Langue: | slovaque |
| Sujets: | |
| Tags: |
Pas de tags, Soyez le premier à ajouter un tag!
|
MARC
| LEADER | 00000naa a2200000 4500 | ||
|---|---|---|---|
| 001 | r026148 | ||
| 005 | 20230921125029.3 | ||
| 041 | 0 | |a slo | |
| 044 | |a SK | ||
| 245 | 1 | 0 | |a K niektorým otázkam realizácie záložného práva |c M. Kolaříková |
| 520 | |a Funkcia záložného práva v trhovom mechanizme. Právna úprava záložného práva v Občianskom zákonníku. Realizácia záložného práva v Obchodnom zákonníku. Výklad ustanovení týkajúcich sa záložného práva v Obchodnom zákonníku. | ||
| 610 | 2 | 0 | |a právo záložné |
| 610 | 2 | 0 | |a pohľadávky |
| 610 | 2 | 0 | |a veritelia |
| 610 | 2 | 0 | |a dlžníci |
| 610 | 2 | 0 | |a úpravy právne |
| 610 | 2 | 0 | |a zákonník občiansky |
| 610 | 2 | 0 | |a zákonník obchodný |
| 610 | 2 | 0 | |a vlastníctvo |
| 610 | 2 | 0 | |a aukcie |
| 610 | 2 | 0 | |a exekúcia |
| 610 | 2 | 0 | |a predaj |
| 610 | 2 | 0 | |a nehnuteľnosti |
| 610 | 2 | 0 | |a zákonodarstvo |
| 100 | 1 | |a Kolaříková, M. | |